00704nam a2200169 a 450000100100000000500170001000800410002704000250006810000470009324500930014026000480023330000210028149000150030283000220031795201780033999900170051700004016820201002033947.0130812s1985 cu 000 0 spa d aDO-SdBNPbspacBNPHU1 aGómez García, Alíd1951-1985.96644210aFalsas, malicias y escandalosas reflexiones de un ñángara /cAlí Gómez García. aLa Habana :bCasa de las Américas,c1985. a268 p. ;c20 cm.1 aTestimonio 0aTestimonio916115 0010507-18MOaGRbGRcOId2013-08-12iLF1l0o p40168-10r2020-06-25w2020-06-25y1zperteneció a la biblioteca personal de Aída Cartagena PortalatínZNo se presta c39658d39658